000 00710nam a2200241Ia 4500
003 OSt
005 20220925201409.0
006 a|||||r|||| 00| 0
007 ta
008 220923b |||||||| |||| 00| 0 eng d
037 _cGeneral Book
040 _aRTL
_cRTL
_beng
041 _2eng
_aeng
082 _aLA.2.N7, GD
110 _aIndia, Government Of ... Health And Family Welfare (M/O-)
245 0 _aTraditional medical systems in India
260 _aDelhi
_bManager Of Publication India
490 _v1980
650 _aMedicine
_94387
700 _aIndia, Government Of ... Health And Family Welfare (M/O-)
942 _hLA.2.N7, GD
_cGB
_2CC
999 _c539981
_d539981